00524 a2200169 4500010001400000020002300014035001400037037001800051082001200069100002000081245005700101250001100158260004200169270009300211300003100304500001900335 aENG-85382 a8175344954c350.00 aENG-68915 bD.B.Act / Pub14a346.0291 aParmeswaran, S.1 aLaw relating to power of attorneycby S. Parmeswaran a3rd ed aDelhibUniversal Law Publishingc2006 aC-FF-1A, Dikhush Industrial Estate, (Opp. Hans Cinema, Azadpur), G.T.Karnal RoadbDelhi axxvii, 346 p.b24cm. (Hb) aIncludes index